[Event "Calvia Amateur op 12th"]
[Site "Calvia"]
[Date "2015.10.10"]
[Round "1"]
[White "Ponce Cano, Adrian"]
[Black "Vervaet, Bart"]
[Result "1-0"]
[WhiteElo "2135"]
[BlackElo "1754"]
[PlyCount "77"]
[EventDate "2015.10.10"]
[EventType "swiss"]
[EventRounds "9"]
[EventCountry "ESP"]
[SourceTitle "EXT 2017"]
[Source "ChessBase"]
[SourceDate "2016.10.25"]
[SourceVersion "1"]
[SourceVersionDate "2016.10.25"]
[SourceQuality "1"]

1. e4 e5 2. Nf3 Nc6 3. c3 d6 4. d4 exd4 5. cxd4 Be7 6. Nc3 Nf6 7. h3 0-0 8. Bd3 Nb4 9. Bb1 c6 10. 0-0 Bd7 11. a3 Na6 12. Qc2 g6 13. Ba2 Rb8 14. Re1 Nc7 15. Bh6 Re8 16. Rad1 Qc8 17. Ng5 d5 18. exd5 Nfxd5 19. Qd3 Qd8 20. Nge4 Be6 21. Qf3 Bf8 22. Bg5 Be7 23. Bc1 f5 24. Nc5 Bf7 25. Nd3 Bf6 26. Ne5 Be6 27. Na4 Bxe5 28. Rxe5 Bf7 29. Rde1 Rxe5 30. Rxe5 Nb5 31. Be3 Qd6 32. Nc5 b6 33. Nd3 Nbc7 34. Bf4 Qd7 35. Re1 Re8 36. Ne5 Qe6 37. Rc1 c5 38. Nxf7 Kxf7 39. Bxc7 1-0

[Event "Leuven op 25th"]
[Site "Leuven"]
[Date "2013.11.09"]
[Round "2"]
[White "Vervaet, Bart"]
[Black "Geirnaert, Steven"]
[Result "0-1"]
[WhiteElo "1786"]
[BlackElo "2410"]
[PlyCount "78"]
[EventDate "2013.11.08"]
[EventType "swiss"]
[EventRounds "7"]
[EventCountry "BEL"]
[SourceTitle "EXT 2014"]
[Source "ChessBase"]
[SourceDate "2013.11.20"]
[SourceVersion "1"]
[SourceVersionDate "2013.11.20"]
[SourceQuality "1"]

1. e4 d5 2. exd5 Qxd5 3. Nc3 Qa5 4. Bc4 Nf6 5. d3 c6 6. Bd2 Qb6 7. Nf3 Qxb2 8. 0-0 e6 9. Re1 Be7 10. Ne4 b5 11. Rb1 Qa3 12. Bc1 Qa5 13. Bb3 Qc7 14. Bb2 Nbd7 15. Nfg5 h6 16. Nxe6 fxe6 17. Bxe6 Kd8 18. Qe2 Rf8 19. a3 Nc5 20. Bxc8 Kxc8 21. c4 Ncxe4 22. dxe4 a6 23. e5 Ne8 24. Rec1 Kb7 25. cxb5 axb5 26. Bd4 Qa5 27. Qe4 Ra6 28. Bc5 Bxc5 29. Rxc5 Nc7 30. e6 Qd2 31. Rcxb5+ Nxb5 32. Rxb5+ Rb6 33. Rxb6+ Kxb6 34. Qb1+ Kc7 35. f3 Rd8 36. a4 Qe2 37. e7 Rd1+ 38. Qxd1 Qxd1+ 39. Kf2 Kd7 0-1